LEADER 01596nam a2200301 i 4500 001 000000212033 003 CaOOAMICUS 005 20120323000000.0 008 120323s1847 it u000 u mul u 013 $a190862 040 $aSeMil$bita 245 13$aLe commedie di M. Accio Plauto :$bcon traduzione e note = M. Accii Plauti Comoediae. 246 01$aM. Accii Plauti Comoediae 260 $aVenezia :$bNell'I.R. privil. stabilimento nazionale di G. Antonelli,$c1847. 300 $a1892 col. ;$c27 cm. 490 0 $aBiblioteca degli scrittori latini : con testo a fronte 500 $aFront. e testo originale a fronte. - Trad. e note di Nicolò Eugenio Angelio. - Seguono : Frammenti di M. Accio Plauto / riveduti tradotti, illustrati da Pietro Canal. 700 1 $aAngelio, Niccolò Eugenio.$0(OLS)http://semarc/name/75690 700 1 $aPlautus, Titus Maccius,$d.$0(OLS)http://semarc/name/3853 700 1 $aCanal, Pietro <1807-1883>.$0(OLS)http://semarc/name/75687 830 0$aBiblioteca degli scrittori latini : con testo a fronte.$0(OLS)http://semarc/title/35760 850 $aSeMil 852 $aSeMil$W1$xVenegono$y1$m1X IV 37 FA$j162472$B162472$CSeMilBibl$Z2$F173723 $8I 900 1 $aPlauto. 996 $6245$aLe commedie di M. Accio Plauto :$bcon traduzione e note = M. Accii Plauti Comoediae$9(OLS)http://semarc/title/306183 996 $6246$aM. Accii Plauti Comoediae$9(OLS)http://semarc/title/306184 996 $6260$aVenezia :$bNell'I.R. privil. stabilimento nazionale di G. Antonelli$9(OLS)http://semarc/publisher/52625 LEADER 01307nam a2200241 i 4500 001 000000046396 003 CaOOAMICUS 005 20090925000000.0 008 090925s1925 xx u000 u lat u 013 $a17566 040 $aSeMil$bita 100 1 $aDe Vio, Tommaso,$c.$0(OLS)http://semarc/name/89783 245 13$aDe divina institutione Pontificatus Romani Pontificis (1521) /$cTommaso De Vio ; herausgegeben von Friedrich Lauchert. 260 $aMünster in Westfalen :$bAschendorffsche Verlagsbuchhandlung,$c1925. 300 $aXXIV, 110 p. ;$c23 cm. 490 0 $aCorpus Catholicorum : Werke katholischer Schriftsteller im Zeitalter der Glaubensspaltung ;$v.10 650 4$aPietro - Primato.$0(OLS)http://semarc/subject/4313 700 1 $aLauchert, Friedrich.$0(OLS)http://semarc/name/23055 830 0$aCorpus Catholicorum : Werke katholischer Schriftsteller im Zeitalter der Glaubensspaltung ;$v.10.$0(OLS)http://semarc/title/363 850 $aSeMil 852 $aSeMil$W1$xVenegono$y1$m2A V 253$j12551$B12551$CSeMilBibl$Z2$F12551 $81 996 $6245$aDe divina institutione Pontificatus Romani Pontificis (1521)$9(OLS)http://semarc/title/69349 996 $6260$aMünster in Westfalen :$bAschendorffsche Verlagsbuchhandlung$9(OLS)http://semarc/publisher/29758